000 01086nam0a2200301 4500
001 RU\NLR\bibl\1239154
005 20260406104122.0
010 _a978-5-373-01818-0
_925000
021 _aRU
_b2008-28182
_91560
035 _a(NLR Aleph) 001225363
090 _a164508
_c164508
100 _a20080609d2008 |||y0rusy50 ca
101 0 _arus
102 _aRU
105 _ay zzzz|||||
200 1 _aПуть князя
_iБыть воином
_e[роман, рассказ]
_fР. Злотников
210 _aМосква
_cОЛМА Медиа Групп
_d2008
215 _a397, [2] с.
_d22
225 1 _aСупер-фэнтези
327 1 _aСодерж.: Путь князя. Быть воином: роман; Путь князя. Испытание: рассказ
686 _aШ6(2=Р)75-445
700 1 _4070
_8rus
_7ca
_aЗлотников
_bР. В.
_f1963-
_gРоман Валерьевич
_3RU\NLR\auth\7793701
_976627
801 0 _aRU
_bNLR
_c20080609
_gRCR
801 1 _aRU
_bNLR
_c20080609
942 _cBOOK
980 _aNB